01220nas a2200349 4500001001300000003000900013005001700022007000300039008003400042040005400076041000900130072000800139100001600147100001700163100001600180100001700196100001800213100002100231100002000252100002400272245009500296650001400391650002400405650002200429650001100451773012100462856005300583909004000636942001800676999001900694952015700713BR2014003059BR-BrBNA20231205124025.0ta230509b bl.|||p| |||| 00| 00por d aBR-BrBNAbporcBiblioteca Nacional de Agricultura a(En) aP351 aLeite, F.P.1 aNovais, R.F.1 aSilva, I.R.1 aBarros, N.F.1 aNeves, J.C.L.1 aMedeiros, A.G.B.1 aVentrella, M.C.1 aVillani, E.M. de A.1 aManganese accumulation and its relation to eucalyptus shoot blight in the Vale do Rio Doce aEUCALIPTO aFERTILIDADE DO SOLO aANÁLISE DO SOLO aANOXIA0 tRevista Brasileira de Ciência do Solo (Brazil)xISSN 0100-0683 g(Jan-Feb 2014), v. 38(1) p. 193-204wBR201400305940uhttp://www.scielo.br/pdf/rbcs/v38n1/a19v38n1.pdf a202311bLúciac55dLúcia Elande 2AGRISn0cANA c236959d236959 002AGRIS4071a41918b41918cPeriódicos Agrícolash(Jan-Feb 2014), v. 38(1) p. 193-204l0r2023-11-29t01yCRePortaria Interministerial nº 164/94